| 000 | 00873cab a2200253 4500 | ||
|---|---|---|---|
| 001 | ABS59820 | ||
| 008 | 090401t1998 xxu||||| |||| 00| 0 eng d | ||
| 035 | _a(Sirsi) u90327 | ||
| 041 | _aeng | ||
| 100 | _aMarco, P. | ||
| 245 | _aDistress: harsh but fair? | ||
| 260 | _c1998 | ||
| 350 | _a0 | ||
| 490 |
_aEstates Gazette _v9850 12 December 1998, 80-81(2) |
||
| 520 | _aSummary of the procedure to be adopted when levying distress, when it is available, its limitations and what protective measures are available to innocent third parties. Includes case studies. | ||
| 650 | _aDISTRESS | ||
| 650 | _aKHAZANCHI V FAIRCHARM INVESTMENTS | ||
| 650 | _aLAW OF DISTRESS (AMENDMENT) ACT 1908 | ||
| 650 | _aRENT ARREARS | ||
| 650 | _aSALFORD VAN HIRE LTD V BOCHOLT DEVELOPMENTS LTD | ||
| 690 | _aPROPERTY-LANDLORD AND TENANT | ||
| 942 | _n0 | ||
| 948 | _c16/12/1998 | ||
| 999 |
_c57259 _d57259 |
||